|
|
|
|
| LEADER |
02159nam a2200529 a 4500 |
| 001 |
nkc20091853338 |
| 003 |
CZ PrNK |
| 005 |
20091207072655.0 |
| 007 |
ta |
| 008 |
090128s2009 xr a e c 000 0dcze |
| 015 |
|
|
|a cnb001853338
|
| 020 |
|
|
|a 978-80-86413-56-3
|q (brož.)
|
| 035 |
|
|
|a (OCoLC)436260225
|
| 040 |
|
|
|a OLA001
|b cze
|d ABA001
|
| 043 |
|
|
|a e-fr---
|a e-xr---
|b e-xr-jm
|2 czenas
|
| 045 |
|
|
|a w0w5
|
| 072 |
|
7 |
|a 003
|x Systémy psaní a písma. Sémiotika (obecně)
|2 Konspekt
|9 11
|
| 080 |
|
|
|a 376.112.4-056.262
|2 MRF
|
| 080 |
|
|
|a 069.5
|2 MRF
|
| 080 |
|
|
|a 003.24
|2 MRF
|
| 080 |
|
|
|a (44)
|2 MRF
|
| 080 |
|
|
|a (437.322)
|2 MRF
|
| 080 |
|
|
|a (083.824)
|2 MRF
|
| 100 |
1 |
|
|a Hluší, Eliška,
|d 1966-
|7 mzk2004148540
|4 aut
|
| 245 |
1 |
0 |
|a Louis Braille - tvůrce šestibodového reliéfního písma pro nevidomé :
|b [výstava ke 200. výročí narození] : Technické muzeum v Brně 16.2.-31.12.2009 /
|c [Eliška Hluší]
|
| 260 |
|
|
|a Brno :
|b Technické muzeum v Brně,
|c c2009
|
| 300 |
|
|
|a 12 s. :
|b il. ;
|c 21 cm
|
| 600 |
1 |
7 |
|a Braille, Louis,
|d 1809-1852
|7 nlk20020107423
|2 czenas
|
| 610 |
2 |
7 |
|a Technické muzeum (Brno, Česko).
|b Oddělení dokumentace tyflopedických informací
|7 ko2008435093
|2 czenas
|
| 648 |
|
4 |
|a 1809-1852
|
| 650 |
0 |
7 |
|a oftalmopedové
|7 ph137879
|z Francie
|y 19. století
|2 czenas
|
| 650 |
0 |
7 |
|a muzejní sbírky
|7 ph137908
|z Česko
|2 czenas
|
| 650 |
0 |
7 |
|a Braillovo písmo
|7 ph303205
|x dějiny
|2 czenas
|
| 650 |
0 |
9 |
|a educators of the visually handicapped
|z France
|y 19th century
|2 eczenas
|
| 650 |
0 |
9 |
|a museum collections
|z Czechia
|2 eczenas
|
| 650 |
0 |
9 |
|a braille
|x history
|2 eczenas
|
| 651 |
|
7 |
|a Brno (Česko)
|7 ge134084
|2 czenas
|
| 651 |
|
9 |
|a Brno (Czechia)
|2 eczenas
|
| 655 |
|
7 |
|a katalogy výstav
|7 fd132536
|2 czenas
|
| 655 |
|
9 |
|a exhibition catalogs
|2 eczenas
|
| 710 |
2 |
|
|a Technické muzeum (Brno, Česko)
|7 ko2004233350
|
| 910 |
2 |
|
|a BOA001
|b 2-1233.121
|
| 990 |
|
|
|a BK
|
| 995 |
|
|
|a 01
|
| 991 |
|
|
|b 200912
|c NOV
|
| 996 |
7 |
|
|b 2610396157
|c 2-1233.121
|l MZK
|r Sklad / do 1 hodiny
|n 8
|w 000973400
|u 000020
|a 1
|e BOA001
|j MZK50
|s A
|
| 996 |
6 |
|
|b 2610396158
|c 2-1233.121
|l MZK
|r Sklad / do 1 hodiny
|n 3
|p p.v.
|w 000973400
|u 000010
|a 1
|e BOA001
|j MZK50
|s P
|